<?xml version="1.0" encoding="UTF-8"?>
<record
    xmlns:xsi="http://www.w3.org/2001/XMLSchema-instance"
    xsi:schemaLocation="http://www.loc.gov/MARC21/slim http://www.loc.gov/standards/marcxml/schema/MARC21slim.xsd"
    xmlns="http://www.loc.gov/MARC21/slim">

  <leader>03760cam a2200301 i 4500</leader>
  <controlfield tag="001">991107313581506196</controlfield>
  <controlfield tag="005">20251020145729.0</controlfield>
  <controlfield tag="008">230805t20232023fr            000 0afre d</controlfield>
  <datafield tag="020" ind1=" " ind2=" ">
    <subfield code="a">9782370670779</subfield>
  </datafield>
  <datafield tag="035" ind1=" " ind2=" ">
    <subfield code="a">(Fr-PaAMA)AAL08292996-0001</subfield>
  </datafield>
  <datafield tag="040" ind1=" " ind2=" ">
    <subfield code="a">Fr-PaAMA</subfield>
    <subfield code="b">eng</subfield>
    <subfield code="e">rda</subfield>
    <subfield code="c">tbs</subfield>
  </datafield>
  <datafield tag="041" ind1=" " ind2=" ">
    <subfield code="a">fre</subfield>
  </datafield>
  <datafield tag="043" ind1=" " ind2=" ">
    <subfield code="a">e-sp---</subfield>
    <subfield code="a">n-us---</subfield>
    <subfield code="a">e-fr---</subfield>
  </datafield>
  <datafield tag="050" ind1=" " ind2="4">
    <subfield code="a">PQ2707.R44</subfield>
    <subfield code="b">Z46 2023</subfield>
  </datafield>
  <datafield tag="100" ind1=" " ind2=" ">
    <subfield code="a">Greene, Mark</subfield>
    <subfield code="d">1963-</subfield>
    <subfield code="e">author</subfield>
    <subfield code="9">26208</subfield>
  </datafield>
  <datafield tag="245" ind1="1" ind2="0">
    <subfield code="a">R&#xE9;el Madrid</subfield>
    <subfield code="c">/ Mark Greene.</subfield>
  </datafield>
  <datafield tag="260" ind1=" " ind2=" ">
    <subfield code="a">Paris :</subfield>
    <subfield code="b">Plein jour,</subfield>
    <subfield code="c">2023.</subfield>
  </datafield>
  <datafield tag="300" ind1=" " ind2=" ">
    <subfield code="a">165 pages ;</subfield>
    <subfield code="c">21 cm</subfield>
  </datafield>
  <datafield tag="520" ind1=" " ind2=" ">
    <subfield code="a">Je suis n&#xE9; &#xE0; Madrid, dans les ann&#xE9;es soixante. Franco &#xE9;tait encore au pouvoir et, de temps en temps, son cort&#xE8;ge passait devant ma fen&#xEA;tre. Parfois, ma m&#xE8;re et moi nous descendions pour voir de plus pr&#xE8;s. Je n'oublierai jamais cette attente, le d&#xE9;fil&#xE9; des limousines sur l'avenue. Paradoxalement, nous habitions un quartier d'&#xE9;trangers et d'artistes o&#xF9; r&#xE9;gnaient une atmosph&#xE8;re authentiquement cosmopolite, une r&#xE9;elle d&#xE9;contraction. Un quartier qu'on appelait plaisamment Costa Fleming parce qu'on s'y sentait, disait-on, tous les jours en vacances. La vie, lorsqu'elle n'est pas corset&#xE9;e par l'id&#xE9;ologie, nous r&#xE9;serve parfois des surprises. Je ne crois pas &#xE0; la libert&#xE9; absolue, qui ressemble trop &#xE0; un r&#xEA;ve de toute-puissance, mais j'aime les parenth&#xE8;ses, les clairi&#xE8;res du temps, quand les certitudes desserrent leur &#xE9;treinte et laissent aux individus le loisir de respirer et d'inventer. J'&#xE9;voque ici une p&#xE9;riode particuli&#xE8;re de l'histoire de l'Espagne, les deux d&#xE9;cennies comprises entre 1965 et 1985, qui sont aussi les ann&#xE9;es de mon enfance et de ma jeunesse. La derni&#xE8;re s&#xE9;quence du franquisme, la transition d&#xE9;mocratique, la tentative de coup d'&#xC9;tat, la Movida... En ce temps-l&#xE0;, les pays occidentaux semblaient encore tr&#xE8;s diff&#xE9;rents les uns des autres, et l'Espagne &#xE9;tait l'un des plus singuliers. Depuis, une certaine uniformisation est &#xE0; l'&#x153;uvre. Faut-il s'en r&#xE9;jouir, le regretter ? Il n'est pas interdit, en tout cas, de se souvenir.</subfield>
  </datafield>
  <datafield tag="520" ind1=" " ind2=" ">
    <subfield code="a">I was born in Madrid in the 1960s. Franco was still in power, and from time to time, his motorcade would pass by my window. Sometimes my mother and I would go down to see it up close. I will never forget that wait&#x2014;the procession of limousines along the avenue.

Paradoxically, we lived in a neighborhood of foreigners and artists, where there was a genuinely cosmopolitan atmosphere, a real sense of ease. A neighborhood people jokingly called Costa Fleming, because, they said, it felt like being on vacation every day.

Life, when it isn&#x2019;t constrained by ideology, sometimes surprises us. I don&#x2019;t believe in absolute freedom&#x2014;it too closely resembles a dream of omnipotence&#x2014;but I do love those parentheses, those clearings in time, when certainties loosen their grip and people can breathe and invent.

Here, I recall a particular period in Spain&#x2019;s history: the two decades between 1965 and 1985, which were also the years of my childhood and youth. The final phase of Francoism, the democratic transition, the attempted coup, La Movida&#x2026; Back then, Western countries still seemed very different from one another, and Spain was one of the most distinctive. Since then, a certain uniformity has taken hold. Should we welcome it&#x2014;or regret it? In any case, it is not forbidden to remember.</subfield>
  </datafield>
  <datafield tag="600" ind1=" " ind2="0">
    <subfield code="a">Greene, Mark</subfield>
    <subfield code="d">1963-</subfield>
    <subfield code="x">Childhood and youth</subfield>
    <subfield code="9">26209</subfield>
  </datafield>
  <datafield tag="600" ind1=" " ind2="0">
    <subfield code="a">Greene, Mark</subfield>
    <subfield code="d">1963-</subfield>
    <subfield code="x">Homes and haunts</subfield>
    <subfield code="z">Madird (Spain)</subfield>
    <subfield code="9">26210</subfield>
  </datafield>
  <datafield tag="650" ind1=" " ind2="0">
    <subfield code="a">Authors, American</subfield>
    <subfield code="y">20th century</subfield>
    <subfield code="v">Biography</subfield>
    <subfield code="9">26211</subfield>
  </datafield>
  <datafield tag="650" ind1=" " ind2="0">
    <subfield code="a">Authors, French</subfield>
    <subfield code="y">20th century</subfield>
    <subfield code="v">Biography</subfield>
    <subfield code="9">23671</subfield>
  </datafield>
  <datafield tag="651" ind1=" " ind2="0">
    <subfield code="a">Spain</subfield>
    <subfield code="x">History</subfield>
    <subfield code="y">1975-</subfield>
    <subfield code="9">26213</subfield>
  </datafield>
  <datafield tag="655" ind1=" " ind2="0">
    <subfield code="a">Autobiographies</subfield>
    <subfield code="9">22646</subfield>
  </datafield>
  <datafield tag="942" ind1=" " ind2=" ">
    <subfield code="2">lcc</subfield>
  </datafield>
  <datafield tag="952" ind1=" " ind2=" ">
    <subfield code="0">0</subfield>
    <subfield code="1">0</subfield>
    <subfield code="2">lcc</subfield>
    <subfield code="4">0</subfield>
    <subfield code="7">0</subfield>
    <subfield code="a">TBS</subfield>
    <subfield code="b">TBS</subfield>
    <subfield code="d">2025-10-20</subfield>
    <subfield code="l">0</subfield>
    <subfield code="o">P-FR GRE</subfield>
    <subfield code="p">B07716</subfield>
    <subfield code="r">2025-10-20</subfield>
    <subfield code="t">1</subfield>
    <subfield code="w">2025-10-20</subfield>
    <subfield code="y">1</subfield>
  </datafield>
  <datafield tag="999" ind1=" " ind2=" ">
    <subfield code="c">5064</subfield>
    <subfield code="d">5064</subfield>
  </datafield>
</record>
